Normal view
MARC view
- REMA K. P
Entry Personal Name
001 - CONTROL NUMBER
- control field: 2901
003 - CONTROL NUMBER IDENTIFIER
- control field: OSt
005 - DATE AND TIME OF LATEST TRANSACTION
- control field: 20180223115650.0
008 - FIXED-LENGTH DATA ELEMENTS
- fixed length control field: 180223|| aca||aabn | a|a d
040 ## - CATALOGING SOURCE
- Original cataloging agency: OSt
- Transcribing agency: OSt
100 ## - HEADING--PERSONAL NAME
- Personal name: REMA K. P
670 ## - SOURCE DATA FOUND
- Source citation: Work cat.: (OSt): REMA K. P, Infiltration and water advance studies under surge flow furrow irrigation
